Schaums outline of theory and problems of probability and statistics (Record no. 7727)
[ view plain ]
| 000 -LEADER | |
|---|---|
| fixed length control field | 00678 a2200217 4500 |
| 020 ## - INTERNATIONAL STANDARD BOOK NUMBER | |
| International Standard Book Number | 0071350047 |
| 040 ## - CATALOGING SOURCE | |
| Original cataloging agency | DLC |
| 082 00 - DEWEY DECIMAL CLASSIFICATION NUMBER | |
| Classification number | 519.5 |
| 100 1# - MAIN ENTRY--PERSONAL NAME | |
| Personal name | Spiegel, Murray R. |
| 245 10 - TITLE STATEMENT | |
| Title | Schaums outline of theory and problems of probability and statistics |
| Statement of responsibility, etc. | Murray R. Spiegel, Alu Srinivasan, John J. Schiller. |
| 250 ## - EDITION STATEMENT | |
| Edition statement | 2nd ed. |
| 260 ## - PUBLICATION, DISTRIBUTION, ETC. | |
| Place of publication, distribution, etc. | Islamabad : |
| Name of publisher, distributor, etc. | National Book Foundation, |
| Date of publication, distribution, etc. | c2000. |
| 300 ## - PHYSICAL DESCRIPTION | |
| Extent | viii, 408 p. : |
| Other physical details | ill. ; |
| Dimensions | 28 cm. |
| 490 0# - SERIES STATEMENT | |
| Series statement | Schaum's outline series |
| 500 ## - GENERAL NOTE | |
| General note | Includes index. |
| 650 #0 - SUBJECT ADDED ENTRY--TOPICAL TERM | |
| Topical term or geographic name entry element | Probabilities |
| 650 #0 - SUBJECT ADDED ENTRY--TOPICAL TERM | |
| Topical term or geographic name entry element | Mathematical statistics |
| 700 1# - ADDED ENTRY--PERSONAL NAME | |
| Personal name | Srinivasan, R. Alu. |
| 700 1# - ADDED ENTRY--PERSONAL NAME | |
| Personal name | Schiller, John J. |
| 942 ## - ADDED ENTRY ELEMENTS (KOHA) | |
| Koha item type | Book |
| Call number prefix | 519.5 SPI |
| Source of classification or shelving scheme | |
| Withdrawn status | Lost status | Damaged status | Not for loan | Collection code | Permanent Location | Current Location | Shelving location | Date acquired | Source of acquisition | Cost, normal purchase price | Total Checkouts | Full call number | Barcode | Date last seen | Date last checked out | Price effective from | Koha item type | Total Renewals |
|---|---|---|---|---|---|---|---|---|---|---|---|---|---|---|---|---|---|---|
| Central Library (CL) | Central Library (CL) | General Stacks | 12/05/2007 | Donation | 0.00 | 1 | 519.5 SPI | SEECS004952 | 02/12/2016 | 02/09/2016 | 01/05/2017 | Book | ||||||
| Central Library (CL) | Central Library (CL) | General Stacks | 01/03/2008 | Donation | 4 | 519.5 SPI | SEECS006847 | 06/13/2019 | 03/21/2019 | 01/05/2017 | Book | 1 | ||||||
| Central Library (CL) | Central Library (CL) | General Stacks | 07/24/2002 | Pak Book Corporation | 1081.42 | 2 | 519.5 SPI | SEECS002209 | 01/29/2020 | 12/25/2018 | 01/05/2017 | Book | 1 | |||||
| Central Library (CL) | Central Library (CL) | General Stacks | 12/05/2007 | Donation | 0.00 | 2 | 519.5 SPI | SEECS004975 | 10/13/2016 | 08/22/2016 | 01/05/2017 | Book | 2 | |||||
| Central Library (CL) | Central Library (CL) | General Stacks | 01/03/2008 | Donation | 519.5 SPI | SEECS006844 | 11/14/2012 | 01/05/2017 | Book |
